LEADER 03283nam 2200649 a 450 001 9911020377703321 005 20200520144314.0 010 $a9786613140548 010 $a9781283140546 010 $a1283140543 010 $a9783527632503 010 $a3527632506 010 $a9783527632480 010 $a3527632484 010 $a9783527632497 010 $a3527632492 035 $a(CKB)2670000000059031 035 $a(EBL)645023 035 $a(SSID)ssj0000467037 035 $a(PQKBManifestationID)12165199 035 $a(PQKBTitleCode)TC0000467037 035 $a(PQKBWorkID)10488938 035 $a(PQKB)10928627 035 $a(MiAaPQ)EBC645023 035 $a(OCoLC)695558405 035 $a(Perlego)1010783 035 $a(EXLCZ)992670000000059031 100 $a20110114d2011 uy 0 101 0 $aeng 135 $aur|n|---||||| 181 $ctxt 182 $cc 183 $acr 200 00$aArtificial receptors for chemical sensors /$fedited by Vladimir M. Mirsky and Anatoly K. Yatsimirsky 205 $a4th ed. 210 $aWeinheim, Germany $cWiley-VCH$d2011 215 $a1 online resource (487 p.) 300 $aDescription based upon print version of record. 311 08$a9783527323579 311 08$a3527323570 320 $aIncludes bibliographical references and index. 327 $aArtificial Receptors for Chemical Sensors; Contents; Preface; List of Contributors; 1 Quantitative Characterization of Affinity Properties of Immobilized Receptors; 2 Selectivity of Chemical Receptors; 3 Combinatorial Development of Sensing Materials; 4 Fluorescent Cyclodextrins as Chemosensors for Molecule Detection in Water; 5 Cyclopeptide Derived Synthetic Receptors; 6 Boronic Acid-Based Receptors and Chemosensors; 7 Artificial Receptor Compounds for Chiral Recognition; 8 Fullerene Receptors Based on Calixarene Derivatives; 9 Guanidinium Based Anion Receptors 327 $a10 Artificial Receptors Based on Spreader-Bar Systems11 Potential of Aptamers as Artificial Receptors in Chemical Sensors; 12 Conducting Polymers as Artificial Receptors in Chemical Sensors; 13 Molecularly Imprinted Polymers as Artificial Receptors; 14 Quantitative Affinity Data on Selected Artificial Receptors; Index 330 $aThe first to provide systematically organized information on all three important aspects of artificial receptor design, this book brings together knowledge on an exceptionally hot and multidisciplinary field of research. Strong emphasis is placed on the methodology for discovering artificial receptors, with both definitions for chemosensitivity as well as experimental setups supplied. There follows coverage of numerous classes of artificial receptors, including synthesis, immobilization on surfaces, and quantitative data on properties. The third part of the book focuses on receptor arrays for 606 $aChemical detectors 615 0$aChemical detectors. 676 $a546.0284 676 $a612.86 701 $aMirsky$b Vladimir M$01840286 701 $aYatsimirsky$b Anatoly K$01840287 801 0$bMiAaPQ 801 1$bMiAaPQ 801 2$bMiAaPQ 906 $aBOOK 912 $a9911020377703321 996 $aArtificial receptors for chemical sensors$94419831 997 $aUNINA LEADER 04406nam 2200637Ia 450 001 9910970036703321 005 20251116141258.0 010 $a9786610185504 010 $a9781280185502 010 $a1280185503 010 $a9780309569859 010 $a0309569850 035 $a(CKB)110986584753564 035 $a(OCoLC)320320845 035 $a(CaPaEBR)ebrary10071317 035 $a(SSID)ssj0000277335 035 $a(PQKBManifestationID)11195735 035 $a(PQKBTitleCode)TC0000277335 035 $a(PQKBWorkID)10240677 035 $a(PQKB)10745692 035 $a(MiAaPQ)EBC3377294 035 $a(Au-PeEL)EBL3377294 035 $a(CaPaEBR)ebr10071317 035 $a(CaONFJC)MIL18550 035 $a(OCoLC)923269595 035 $a(Perlego)4736563 035 $a(BIP)6897049 035 $a(EXLCZ)99110986584753564 100 $a19950301h2000 uy 0 101 0 $aeng 135 $aurcn||||||||| 181 $ctxt 182 $cc 183 $acr 200 10$aBiographical memoirs$hVolume 78 205 $a1st ed. 210 $aWashington $cNational Academy of Sciences$d2000 215 $a1 online resource (375 p.) 300 $aBibliographic Level Mode of Issuance: Monograph 311 08$a9780309070355 311 08$a030907035X 327 $aIntro -- Biographical Memoirs -- Copyright -- CONTENTS -- PREFACE -- ROBERT COOLEY ELDERFIELD -- SELECTED BIBLIOGRAPHY -- GERTRUDE B. ELION -- REFERENCES -- SELECTED BIBLIOGRAPHY -- EDWARD VAUGHAN EVARTS -- SELECTED BIBLIOGRAPHY -- EDWARD C. FRANKLIN -- NOTES -- SELECTED BIBLIOGRAPHY -- CLIFFORD GROBSTEIN -- GROWING UP-BRILLIANCE SEEN EARLY -- THE EARLY RESEARCH YEARS-BACKGROUND TO SUCCESS -- THE CORE YEARS-ACTION AT A DISTANCE -- SCIENTIST AS TEACHER -- AN IMPORTANT SIDE PATH-REORGANIZING BIOLOGY -- A NATURAL CULMINATION-SCIENCE AND SOCIAL VALUES -- ACADEMIC LEADER AND MEDIATOR -- THE PRIVATE MAN AND PUBLIC RECOGNITION -- A FULL LIFE SUMMED UP -- NOTES -- SELECTED BIBLIOGRAPHY -- JEROME CLARKE HUNSAKER -- HONORS AND AWARDS -- CAREER CHRONOLOGY -- REFERENCES -- SELECTED BIBLIOGRAPHY -- PHILIP F. LOW -- SELECTED BIBLIOGRAPHY -- ROBERT FRANKLIN MEHL -- NOTES -- SELECTED BIBLIOGRAPHY -- ROBERT SANDERSON MULLIKEN -- SELECTED BIBLIOGRAPHY -- WILLIAM D. PHILLIPS -- SELECTED BIBLIOGRAPHY -- EDWARD MILLS PURCELL -- EARLY YEARS -- COLLEGE YEARS -- THE MIT RADIATION LABORATORY -- AFTER WORLD WAR II -- ASTROPHYSICS AND BIOPHYSICS -- NOTES -- SELECTED BIBLIOGRAPHY -- REED CLARK ROLLINS -- SELECTED BIBLIOGRAPHY -- STANLEY SCHACHTER -- NOTES -- SELECTED BIBLIOGRAPHY -- GLENN THEODORE SEABORG -- 1912-1942: EARLY LIFE, EDUCATION, AND MARRIAGE -- 1942-1961: SEPARATION OF PLUTONIUM AND DISCOVERY OF ELEMENTS 95-102 -- 1961-1971: THE WASHINGTON, D.C. YEARS -- 1971-99: RETURN TO BERKELEY -- SOME PERSONAL REMINISCENCES -- GENERAL REFERENCES -- SELECTED BIBLIOGRAPHY -- GEORGE FREDERICK SPRAGUE -- PERSONAL HISTORY -- PROFESSIONAL HISTORY -- PUBLIC SERVICE -- FOREIGN SERVICE -- HONORS AND AWARDS -- SELECTED BIBLIOGRAPHY -- ROBERT JULIUS TRUMPLER -- CHILDHOOD AND EDUCATION -- SCIENTIFIC WORK -- LIFE ON MT. HAMILTON AND AT BERKELEY -- SELECTED BIBLIOGRAPHY -- GEORGE WALD. 327 $aREFERENCES -- SELECTED BIBLIOGRAPHY -- JOHN C. WARNER -- SCIENTIFIC ACTIVITY -- EDUCATIONAL ACTIVITY -- CIVIC ACTIVITIES -- HONORS AND AWARDS -- SELECTED BIBLIOGRAPHY -- WITH GRADUATE STUDENTS -- OTHER SCIENTIFIC PUBLICATIONS -- ON EDUCATION AND SOCIETY -- JEROME BERT WIESNER -- WORLD WAR II AND THE POSTWAR YEARS -- THE WASHINGTON YEARS -- PROVOST AND PRESIDENT OF MIT -- THE MACARTHUR FOUNDATION -- FINAL YEARS -- SELECTED BIBLIOGRAPHY -- ALFRED P. WOLF -- SELECTED BIBLIOGRAPHY. 330 $aBiographic Memoirs Volume 78 contains the biographies of deceased members of the National Academy of Sciences and bibliographies of their published works. Each biographical essay was written by a member of the Academy familiar with the professional career of the deceased. For historical and bibliographical purposes, these volumes are worth returning to time and again. 606 $aScientists$zUnited States 606 $aScience$zUnited States$vBiography 615 0$aScientists 615 0$aScience 676 $a509.22 801 0$bMiAaPQ 801 1$bMiAaPQ 801 2$bMiAaPQ 906 $aBOOK 912 $a9910970036703321 996 $aBiographical memoirs$91910643 997 $aUNINA